000 00751nam a22002177a 4500
005 20140313100406.0
008 131216b xxu||||| |||| 00| 0 eng d
020 _a9780071626545
050 _aHF 5549.5.R45
_b.B63 2010
100 _aBodine, Paul.
245 _aPerfect phrases for letters of recommendation :
_bhundreds of ready-to-use phrases you can use to recommend applicants to college, grad school, and professional school /
_cPaul Bodine.
260 _aNew York :
_bMcGraw-Hill,
_c2010.
300 _axi, 195 p. ;
_c21 cm.
521 _aBSBA
650 _aEmployment references.
650 _aUniversities and colleges
_xAdmission.
650 _aLetter writing.
942 _2lcc
_cBK
_kFOR
999 _c25797
_d25797